00783nam a2200193 a 450000100100000000500170001000800410002702000180006804000250008610000370011124501510014826000420029930000200034150400260036170000460038770000340043395201050046799900170057200004058220201002034230.0130830s2012 sp 000 0 spa d a9788469521298 aDO-SdBNPbspacBNPHU1 aVázquez Serrano, Carmen96687210aCaracterización de las personas con capacidades diferentes /cCarmen Vázquez Serrano, Francisca socorro López López, Camen Ríos Paredes. aMadrid :bGráficas Alhambra,c2012. a80 p. ;c22 cm. aBibliografía : p.791 aLópez López, Francisca Socorro9668731 aRíos Paredes, Carmen966874 001050718MOaGRbGRcCTd2013-09-02iLF1l0o p40582-10r2020-06-25w2020-06-25y1ZNo se presta c40072d40072